| 000 | 00577nam a2200181Ia 4500 | ||
|---|---|---|---|
| 003 | GCL | ||
| 008 | 140319s9999 xx 000 0 ara d | ||
| 040 |
_aGCL / _cGCL |
||
| 082 | 0 | 4 |
_a348.01 _bع م |
| 100 | 1 |
_aعبدالفتاح مراد _vReviewer _@ _٠راجع |
|
| 245 | 1 | 0 |
_aالمخالفات التاديبية للقضاة واعضاء النيابة / _cعبدالفتاح مراد |
| 260 |
_a[S.N] : _bالمجالس ، _c1993 |
||
| 300 | _a1796 ص | ||
| 490 | _a | ||
| 650 | 0 | 4 | _aالقانون |
| 650 | 0 | 4 | _aقانون العقوبات |
| 942 |
_2ddc _cBK |
||
| 999 |
_c43921 _d43921 |
||